5HLuxD.jpg

KING HENRY VIII SENIOR AND PRIMARY SCHOOL LIBRARY OPAC

Ancient Chinese daily life / (Record no. 2002)

000 -LEADER
fixed length control field 01629cam a22003618i 4500
001 - CONTROL NUMBER
control field 18961969
003 - CONTROL NUMBER IDENTIFIER
control field OSt
005 - DATE AND TIME OF LATEST TRANSACTION
control field 20230223084457.0
008 - FIXED-LENGTH DATA ELEMENTS--GENERAL INFORMATION
fixed length control field 160204s2016 nyu b 001 0 eng
010 ## - LIBRARY OF CONGRESS CONTROL NUMBER
LC control number 2016004997
020 ## - INTERNATIONAL STANDARD BOOK NUMBER
International Standard Book Number 9781477788868 (pbk.)
040 ## - CATALOGING SOURCE
Original cataloging agency DLC
Language of cataloging eng
Transcribing agency DLC
Description conventions rda
Modifying agency KH8
042 ## - AUTHENTICATION CODE
Authentication code pcc
043 ## - GEOGRAPHIC AREA CODE
Geographic area code a-cc---
082 00 - DEWEY DECIMAL CLASSIFICATION NUMBER
Classification number 931 LUS
Edition number 23
100 1# - MAIN ENTRY--PERSONAL NAME
Personal name Lüsted, Marcia Amidon,
Relator term author.
245 10 - TITLE STATEMENT
Title Ancient Chinese daily life /
Statement of responsibility, etc. Marcia Amidon Lüsted.
250 ## - EDITION STATEMENT
Edition statement First edition.
263 ## - PROJECTED PUBLICATION DATE
Projected publication date 1604
264 #1 - PRODUCTION, PUBLICATION, DISTRIBUTION, MANUFACTURE, AND COPYRIGHT NOTICE
Place of production, publication, distribution, manufacture New York :
Name of producer, publisher, distributor, manufacturer Rosen Publishing,
Date of production, publication, distribution, manufacture, or copyright notice 2016.
300 ## - PHYSICAL DESCRIPTION
Extent 48 pages :
Other physical details color illustrations ;
Dimensions 25 cm.
336 ## - CONTENT TYPE
Content type term text
Content type code txt
Source rdacontent
337 ## - MEDIA TYPE
Media type term unmediated
Media type code n
Source rdamedia
338 ## - CARRIER TYPE
Carrier type term volume
Carrier type code nc
Source rdacarrier
490 0# - SERIES STATEMENT
Series statement Spotlight on the rise and fall of ancient civilizations
504 ## - BIBLIOGRAPHY, ETC. NOTE
Bibliography, etc. note Includes bibliographical references and index.
505 0# - FORMATTED CONTENTS NOTE
Formatted contents note A long time ago, along the Yellow River -- A mysterious civilization -- Staying and farming -- Home sweet home -- What's for dinner? -- What they wore...and more -- From Xia to Shang -- A dynasty of inventions -- Inside and outside the city walls -- Life at home -- Cooking and chopsticks -- Gods and ancestors -- Enter the Zhou -- Politics and family -- Farm and field -- Living at home in the Zhou Dynasty -- Zhou dressed for class -- Food for peasants and kings -- An ancient legacy.
521 2# - TARGET AUDIENCE NOTE
Target audience note Grades 7-12.
651 #0 - SUBJECT ADDED ENTRY--GEOGRAPHIC NAME
Geographic name China
General subdivision Social life and customs
Chronological subdivision To 221 B.C.
906 ## - LOCAL DATA ELEMENT F, LDF (RLIN)
a 7
b cbc
c orignew
d 1
e ecip
f 20
g y-gencatlg
942 ## - ADDED ENTRY ELEMENTS (KOHA)
Source of classification or shelving scheme
Koha item type Books - Non Ficton
Holdings
Withdrawn status Lost status Source of classification or shelving scheme Damaged status Not for loan Collection code Permanent Location Current Location Shelving location Date acquired Full call number Barcode Date last seen Price effective from Koha item type
          Non-Fiction KH8 Primary School Library KH8 Primary School Library Non Fiction 2023-02-23 931 LUS KHPL000003711 2025-12-05 2023-02-23 Books - Non Ficton

Powered By KH8 IT Dept